[Event "Sampa Chess Open - Local Piso Superior (ao lado da Renner) às 19h00"]
[Site "Shopping Metrô Tatuapé - Rua Domingos Agostim, 91, São Paulo/SP 03306-010"]
[Date "2024.01.29"]
[Round "1"]
[Board "25"]
[White "Silva, Kaua Marques"]
[Black "Van Riemsdijk, Dirk D."]
[Result "1-0"]
[WhiteElo "2142"]
[BlackElo "1789"]
[PlyCount "0"]
[EventDate "2024.01.29"]
[EventRounds "9"]
[EventCountry "BRA"]

1. e4 c6 2. d4 d5 3. e5 Bf5 4. Nf3 e6 5. Be2 c5 6. Be3 Qb6 7. Nc3 a6 8. Na4 Qa5+
9. c3 c4 10. b4 Qc7 11. O-O Nd7 12. Nh4 Ne7 13. Qd2 h6 14. Nxf5 Nxf5 15. g4 Nh4 16.
f4 f5 17. Bf2 Be7 18. Bxh4 Bxh4 19. gxf5 exf5 20. Bh5+ Ke7 21. Qg2 g6 22. Qh3 g5
23. Qxf5 Raf8 24. Qg4 Qc6 25. Nb2 a5 26. a3 Rhg8 27. f5 Nb6 28. bxa5 Na4 29. Nxa4
Qxa4 30. Rab1  1-0

[Event "Sampa Chess Open - Local Piso Superior (ao lado da Renner) às 19h00"]
[Site "Shopping Metrô Tatuapé - Rua Domingos Agostim, 91, São Paulo/SP 03306-010"]
[Date "2024.01.29"]
[Round "1"]
[Board "26"]
[White "Lima, Hamilton Da Silva"]
[Black "Ribeiro, Matheus Mendes Domingues"]
[Result "0-1"]
[WhiteElo "1778"]
[BlackElo "2130"]
[PlyCount "65"]
[EventDate "2024.01.29"]
[EventRounds "9"]
[EventCountry "BRA"]

1. e4 e6 2. Nf3 c5 3. c3 Nc6 4. d4 d5 5. Bd3 cxd4 6. cxd4 Bb4+ 7. Nc3 dxe4 8. Bxe4
Nf6 9. Bc2 O-O 10. O-O b6 11. Bg5 Be7 12. a3 Ba6 13. Re1 Rc8 14. Rc1 h6 15. Bh4 Nd5
16. Bg3 Na5 17. Nxd5 Qxd5 18. Re5 Qd7 19. Rb1 Qc6 20. Rc1 Kh8 21. b4 Nb3 22. Nd2
Nxd2 23. Qxd2 Qc3 24. Qd1 Rfd8 25. Re4 Qb2 26. Bf4 Bf6 27. Be3 Rc3 28. Bb1 Qxa3 29.
Rxc3 Qxc3 30. Rg4 e5 31. d5 Rxd5 32. Bd4 Rxd4 33. Rxd4  0-1

[Event "Sampa Chess Open - Local Piso Superior (ao lado da Renner) às 19h00"]
[Site "Shopping Metrô Tatuapé - Rua Domingos Agostim, 91, São Paulo/SP 03306-010"]
[Date "2024.01.29"]
[Round "1"]
[Board "27"]
[White "Do Nascimento, Christian Almeida"]
[Black "Miragaia, Pedro Maddi Damian"]
[Result "1-0"]
[WhiteElo "2123"]
[BlackElo "1769"]
[PlyCount "0"]
[EventDate "2024.01.29"]
[EventRounds "9"]
[EventCountry "BRA"]

1. e4 c5 2. Nf3 d6 3. d4 cxd4 4. Nxd4 Nf6 5. Nc3 g6 6. Be3 Bg7 7. f3 O-O 8. Bc4 Nc6
9. Bb3 Bd7 10. Qd2 Rc8 11. h4 h5 12. O-O-O Ne5 13. g4 Nc4 14. Bxc4 Rxc4 15. Nb3 Kh7
16. e5 Nxg4 17. fxg4 Bxg4 18. Rdf1 Bf5 19. Nd4 Bg4 20. exd6 Qxd6 21. Nb3 Qc7 22.
Nd5 Qe5 23. Nc3 Bf5 24. Kb1 Rfc8 25. Bf4 Qf6 26. Bg5 Qc6 27. Rh2 b5 28. Rc1 b4 29.
Nd1 f6 30. Be3 Qe4 31. Re2 Rxc2 32. Rxc2 Rxc2 33. Qxc2 Qxh4 34. Bc1 Bxc2+ 35. Rxc2
g5 36. Ne3 g4 37. Rc7 Qf2 38. Rxe7 g3 39. Nd4 g2 40. Nxg2 Qxg2 41. Nf5 h4 42. Rxg7+
Qxg7 43. Nxg7 Kxg7 44. Kc2 Kg6 45. Kd3 Kf5 46. Ke3 Kg4 47. Kf2 h3 48. Bd2 a5 49.
Be3 a4 50. b3 axb3 51. axb3 Kf5 52. Bc5 Ke4 53. Bxb4  1-0

[Event "Sampa Chess Open - Local Piso Superior (ao lado da Renner) às 19h00"]
[Site "Shopping Metrô Tatuapé - Rua Domingos Agostim, 91, São Paulo/SP 03306-010"]
[Date "2024.01.29"]
[Round "1"]
[Board "28"]
[White "Silva, Juliana Figueira Theophilo"]
[Black "Cueto, Jonny"]
[Result "0-1"]
[WhiteElo "1747"]
[BlackElo "2108"]
[PlyCount "98"]
[EventDate "2024.01.29"]
[EventRounds "9"]
[EventCountry "BRA"]

1. d4 g6 2. c4 Bg7 3. Nf3 d6 4. e4 Bg4 5. Be3 c5 6. Qa4+ Nd7 7. Nbd2 Bxf3 8. Nxf3
cxd4 9. Bxd4 Bxd4 10. Nxd4 Ngf6 11. Bd3 Qb6 12. Ne2 O-O 13. O-O Qxb2 14. Rab1 Qd2
15. Rfd1 Qh6 16. Bc2 Nc5 17. Qb5 b6 18. Nc3 Rfc8 19. Nd5 Nxd5 20. exd5 Rc7 21. Qb2
Nd7 22. Qd4 Rac8 23. Bb3 Ne5 24. Qe4 f5 25. Qe2 Qf8 26. Rd4 Qf6 27. Rbd1 Ng4 28.
f4 Qg7 29. h3 Nf6 30. Qe3 h5 31. g3 Kf8 32. Kh2 a6 33. Qe2 b5 34. cxb5 axb5 35. Qxb5
Ne4 36. Qf1 Rc2+ 37. Bxc2 Rxc2+ 38. Kg1 Nxg3 39. Qd3 Qxd4+ 40. Qxd4 Ne2+ 41. Kf1
Nxd4 42. Rxd4 Rxa2 43. Kg1 Kf7 44. Kh1 Re2 45. Kg1 Re4 46. Rxe4 fxe4 47. Kf2 e6 48.
dxe6+ Kxe6 49. Ke3 Kf5  0-1

[Event "Sampa Chess Open - Local Piso Superior (ao lado da Renner) às 19h00"]
[Site "Shopping Metrô Tatuapé - Rua Domingos Agostim, 91, São Paulo/SP 03306-010"]
[Date "2024.01.29"]
[Round "1"]
[Board "29"]
[White "De Albuquerque, Ian Telek C."]
[Black "Fernandez Barrero, Javier"]
[Result "1-0"]
[WhiteElo "2089"]
[BlackElo "1743"]
[PlyCount "0"]
[EventDate "2024.01.29"]
[EventRounds "9"]
[EventCountry "BRA"]

1. e4 e5 2. f4 d5 3. exd5 Qxd5 4. Nc3 Qe6 5. fxe5 Qxe5+ 6. Be2 Bg4 7. d4 Qe6 8. Bf4
Bb4 9. Qd3 Ne7 10. Nf3 Nd5 11. Bd2 Nxc3 12. bxc3 Be7 13. O-O Nd7 14. Rae1 O-O-O 15.
Ng5 Bxg5 16. Bxg5 f6 17. Bf3 Ne5 18. Rxe5 fxe5 19. d5 Qf5 20. Bxd8 Rxd8 21. Be4 Qh5
22. Rb1 Rd6 23. c4 Be2 24. Qe3 Rb6 25. Rxb6 axb6 26. c5 b5 27. c6 b6 28. Qa3 Kd8
29. Qa8+ Ke7 30. Qc8 Qh6 31. Qxc7+ Kf8 32. Qd8+ Kf7 33. Qd7+ Kf6 34. Qf5+ Ke7 35.
Qxe5+ Kf8 36. h3  1-0

[Event "Sampa Chess Open - Local Piso Superior (ao lado da Renner) às 19h00"]
[Site "Shopping Metrô Tatuapé - Rua Domingos Agostim, 91, São Paulo/SP 03306-010"]
[Date "2024.01.29"]
[Round "1"]
[Board "30"]
[White "Parijos De Melo, Luiz Claudio"]
[Black "Vargas, Gabriela"]
[Result "0-1"]
[WhiteElo "1720"]
[BlackElo "2084"]
[PlyCount "100"]
[EventDate "2024.01.29"]
[EventRounds "9"]
[EventCountry "BRA"]

1. e4 e6 2. d4 d5 3. e5 c5 4. c3 Nc6 5. Nf3 Qb6 6. Bd3 cxd4 7. O-O Bd7 8. Re1 h6
9. Nbd2 dxc3 10. bxc3 Rc8 11. c4 Nb4 12. Bf1 Bc5 13. Qe2 Ne7 14. Rb1 Qc7 15. Nb3
dxc4 16. Nxc5 Qxc5 17. Be3 Qa5 18. Qd2 Ned5 19. a3 c3 20. Qc1 Na2 21. Qc2 Qxa3 22.
Rxb7 Bc6 23. Rxa7 Nxe3 24. Qxa2 Qxa2 25. Rxa2 Bxf3 26. Bb5+ Kf8 27. fxe3 Bd5 28.
Ra7 g6 29. Rf1 Rh7 30. Bd3 Bc4 31. Bxc4 Rxc4 32. Rc1 Rh8 33. Ra3 c2 34. Ra2 Re4 35.
Kf2 Kg7 36. Rcxc2 Rxe5 37. Ra7 Rd8 38. Rcc7 Rf5+ 39. Ke2 Rb8 40. e4 Rf4 41. Kd3 Rb3+
42. Kc4 Re3 43. Kc5 Rexe4 44. Kd6 Rc4 45. Rcb7 Rfd4+ 46. Ke7 Ra4 47. g3 Rxa7 48.
Rxa7 Rb4 49. Ke8 Rb8+ 50. Ke7 e5  0-1

[Event "Sampa Chess Open - Local Piso Superior (ao lado da Renner) às 19h00"]
[Site "Shopping Metrô Tatuapé - Rua Domingos Agostim, 91, São Paulo/SP 03306-010"]
[Date "2024.01.29"]
[Round "1"]
[Board "31"]
[White "Kropff, Ricardo"]
[Black "Dias, Clara"]
[Result "0-1"]
[WhiteElo "2052"]
[BlackElo "1717"]
[PlyCount "0"]
[EventDate "2024.01.29"]
[EventRounds "9"]
[EventCountry "BRA"]

1. Nf3 c5 2. c4 Nc6 3. d4 cxd4 4. Nxd4 e5 5. Nb5 d6 6. N1c3 a6 7. Na3 f5 8. g3 Nf6
9. Bg2 Be7 10. O-O O-O 11. Bg5 Nd4 12. e3 Ne6 13. Bxf6 Bxf6 14. Nd5 e4 15. Nxf6+
Qxf6 16. Qd2 Nc5 17. b4 Nd3 18. f3 exf3 19. Bxf3 Ne5 20. Bd5+ Kh8 21. e4 Nf3+ 22.
Rxf3 Qxa1+ 23. Kg2 Rb8 24. Nc2 Qe5 25. Nd4 Bd7 26. Qf2 g6 27. h4 Kg7 28. h5 Rf6 29.
exf5 Bxf5 30. Kh2 Rbf8 31. h6+ Kxh6 32. Qd2+ Kg7 33. Re3 Be4 34. Ne6+ Kh8 35. Nf4
Rxf4 36. gxf4 Qxf4+ 37. Kh3 Qh6+ 38. Kg3 Qg5+ 39. Kh3 Rf3+ 40. Rxf3 Qxd2 41. Bxe4
Qxb4 42. Bd5 b5 43. a3 Qd2  0-1

[Event "Sampa Chess Open - Local Piso Superior (ao lado da Renner) às 19h00"]
[Site "Shopping Metrô Tatuapé - Rua Domingos Agostim, 91, São Paulo/SP 03306-010"]
[Date "2024.01.29"]
[Round "1"]
[Board "32"]
[White "Moreira, Paulo Vinicius Macedo"]
[Black "Vargas, Goncalo Cintra"]
[Result "0-1"]
[WhiteElo "1711"]
[BlackElo "2041"]
[PlyCount "66"]
[EventDate "2024.01.29"]
[EventRounds "9"]
[EventCountry "BRA"]

1. d4 f5 2. Nf3 Nf6 3. c4 e6 4. g3 b6 5. Bg2 Bb7 6. Bg5 Bb4+ 7. Nc3 O-O 8. O-O Bxc3
9. bxc3 Qe8 10. Bxf6 Rxf6 11. Ne5 Bxg2 12. Kxg2 d6 13. Nd3 Qc6+ 14. Kg1 Qxc4 15.
Qd2 Nd7 16. Nb2 Qc6 17. c4 Re8 18. a4 a5 19. Rac1 e5 20. d5 Qa8 21. Nd3 e4 22. Nf4
Nc5 23. Nh5 Rf7 24. Qc2 Qd8 25. h4 Qd7 26. Ra1 f4 27. e3 fxe3 28. fxe3 Rxf1+ 29.
Kxf1 Qg4 30. Qe2 Rf8+ 31. Ke1 Nd3+ 32. Kd1 Rf1+ 33. Kd2 Qxe2+  0-1

[Event "Sampa Chess Open - Local Piso Superior (ao lado da Renner) às 19h00"]
[Site "Shopping Metrô Tatuapé - Rua Domingos Agostim, 91, São Paulo/SP 03306-010"]
[Date "2024.01.29"]
[Round "1"]
[Board "33"]
[White "Dos Santos Junior, Haroldo Cunha"]
[Black "De Paula, Bruno Cesar Lima"]
[Result "1-0"]
[WhiteElo "2033"]
[BlackElo "1676"]
[PlyCount "0"]
[EventDate "2024.01.29"]
[EventRounds "9"]
[EventCountry "BRA"]

1. d4 d5 2. Nf3 c6 3. Bf4 e6 4. e3 f5 5. Be2 Nf6 6. O-O Be7 7. h3 O-O 8. c4 Ne4 9.
Ne5 g5 10. Bh2 Nd7 11. f3 Nef6 12. Nc3 Nxe5 13. dxe5 Nd7 14. Kh1 Qb6 15. Qd2 Bc5
16. Na4 Qb4 17. Qxb4 Bxb4 18. a3 Bd2 19. e4 dxe4 20. fxe4 f4 21. Rad1 Be3 22. Rf3
Nb6 23. Nc3 Bd7 24. Rxe3 fxe3 25. c5 Nc8 26. Rxd7 Rf7 27. Rd3 Ne7 28. Rd6 Ng6 29.
Bc4 Rf2 30. Bxe6+ Kg7 31. Bg1 Rxb2 32. Bxe3 Rf8 33. Rd7+ Kh6 34. Bf5 Re8 35. h4 Nf8
36. Bxg5+  1-0

[Event "Sampa Chess Open - Local Piso Superior (ao lado da Renner) às 19h00"]
[Site "Shopping Metrô Tatuapé - Rua Domingos Agostim, 91, São Paulo/SP 03306-010"]
[Date "2024.01.29"]
[Round "1"]
[Board "35"]
[White "Baena, Mauricio"]
[Black "Passos, Marco Aurelio Novaes"]
[Result "0-1"]
[WhiteElo "1180"]
[BlackElo "1671"]
[PlyCount "0"]
[EventDate "2024.01.29"]
[EventRounds "9"]
[EventCountry "BRA"]

1. b3 d5 2. e3 Nf6 3. Bb2 Bg4 4. Be2 Bxe2 5. Nxe2 Nbd7 6. Nbc3 e5 7. d4 e4 8. Nf4
c6 9. Nce2 g5 10. Nh3 Rg8 11. Qd2 h5 12. O-O-O a5 13. Kb1 a4 14. b4 a3 15. Bc1 Nb6
16. f4 Nc4 17. Qc3 g4 18. Ng5 Ra4 19. Qe1 Rxb4+ 20. Ka1 Qb6 21. Bd2 Rb2 22. Rb1 Rxb1+
23. Qxb1 Qxb1+ 24. Rxb1 Nxd2 25. Rxb7 Be7 26. Ng3 Nd7 27. Nxf7 Kxf7 28. Rxd7  0-1

[Event "Sampa Chess Open - Local Piso Superior (ao lado da Renner) às 19h00"]
[Site "Shopping Metrô Tatuapé - Rua Domingos Agostim, 91, São Paulo/SP 03306-010"]
[Date "2024.01.29"]
[Round "1"]
[Board "36"]
[White "Pittoli, Vinicius Eduardo Moreir"]
[Black "Re, Vinicius"]
[Result "1-0"]
[WhiteElo "1648"]
[BlackElo "1177"]
[PlyCount "59"]
[EventDate "2024.01.29"]
[EventRounds "9"]
[EventCountry "BRA"]

1. e4 e5 2. Nf3 Nc6 3. Bc4 Bc5 4. O-O Nf6 5. d3 O-O 6. h3 d5 7. exd5 Nxd5 8. Re1
Re8 9. a3 Nf6 10. Nc3 Bf5 11. Ng5 Bg6 12. Be3 Bxe3 13. fxe3 h6 14. Nf3 e4 15. Nh2
Ne5 16. Ng4 Nfxg4 17. hxg4 exd3 18. cxd3 Bxd3 19. Bxd3 Nxd3 20. Re2 Qd7 21. Qc2 Ne5
22. Qf5 Qxf5 23. gxf5 Nc4 24. e4 Rad8 25. Rd1 Rxd1+ 26. Nxd1 g6 27. fxg6 fxg6 28.
Nc3 a6 29. Nd5 c6 30. Nf6+  1-0

[Event "Sampa Chess Open - Local Piso Superior (ao lado da Renner) às 19h00"]
[Site "Shopping Metrô Tatuapé - Rua Domingos Agostim, 91, São Paulo/SP 03306-010"]
[Date "2024.01.29"]
[Round "1"]
[Board "37"]
[White "Ruvieri, Valter"]
[Black "Da Rocha, Lucas Sampaio"]
[Result "0-1"]
[WhiteElo "1067"]
[BlackElo "1647"]
[PlyCount "0"]
[EventDate "2024.01.29"]
[EventRounds "9"]
[EventCountry "BRA"]

1. d4 d5 2. e3 c5 3. b3 Nf6 4. Nf3 Nc6 5. c4 Bf5 6. Bb2 Nb4 7. a3 Nc2+ 8. Ke2 Nxa1
9. Bxa1 e6 10. Nbd2 Be7 11. Bc3 O-O 12. Ne5 cxd4 13. exd4 dxc4 14. Ndxc4 Rc8 15.
h4 b5 16. Ba5 Qd5 17. Ne3 Qb7 18. Nxf5 exf5 19. f3 b4 20. a4 Qa6+ 21. Nc4 Rxc4 22.
bxc4 Qxa5 23. Qb3 Bd6 24. Kd1 Qb6 25. c5 Bxc5 26. dxc5 Qxc5 27. Bd3 Nd5 28. Re1 Rd8
29. Re5 Nc3+ 30. Kd2 Qxe5 31. Qxb4 Qe2+ 32. Kxc3 Rxd3+ 33. Kc4 Qc2+ 34. Kb5 Rd5+
35. Ka6 Qc6+  0-1

[Event "Sampa Chess Open - Local Piso Superior (ao lado da Renner) às 19h00"]
[Site "Shopping Metrô Tatuapé - Rua Domingos Agostim, 91, São Paulo/SP 03306-010"]
[Date "2024.01.29"]
[Round "1"]
[Board "38"]
[White "Bonilla Viamonte, Diego Armando"]
[Black "Leal, Alexandre Garcia"]
[Result "1/2-1/2"]
[WhiteElo "1620"]
[BlackElo "1899"]
[PlyCount "66"]
[EventDate "2024.01.29"]
[EventRounds "9"]
[EventCountry "BRA"]

1. c4 Nf6 2. Nc3 e6 3. g3 d5 4. cxd5 exd5 5. d4 Be7 6. Bg2 O-O 7. Bf4 c6 8. Nf3 Be6
9. h3 Nbd7 10. g4 Re8 11. Nd2 Qb6 12. Nb3 c5 13. Rb1 c4 14. Na1 Bb4 15. Nc2 Bd6 16.
Qc1 Qc7 17. Bxd6 Qxd6 18. O-O a6 19. Qg5 b5 20. e3 b4 21. Ne2 h6 22. Qh4 Ne4 23.
Bxe4 dxe4 24. Ng3 Nf6 25. Kg2 Qf8 26. g5 hxg5 27. Qxg5 Rab8 28. d5 Nh7 29. Qh5 Nf6
30. Qg5 Nh7 31. Qh5 Nf6 32. Qg5 Nh7 33. Qh5 Nf6  1/2-1/2

[Event "Sampa Chess Open - Local Piso Superior (ao lado da Renner) às 19h00"]
[Site "Shopping Metrô Tatuapé - Rua Domingos Agostim, 91, São Paulo/SP 03306-010"]
[Date "2024.01.29"]
[Round "1"]
[Board "39"]
[White "Kassab, Alexandre T Canelas"]
[Black "Munhoz, Joao Pedro"]
[Result "0-1"]
[WhiteElo "1800"]
[BlackElo "1608"]
[PlyCount "0"]
[EventDate "2024.01.29"]
[EventRounds "9"]
[EventCountry "BRA"]

1. e4 c5 2. Nf3 Nc6 3. d4 cxd4 4. Nxd4 g6 5. Be3 Nf6 6. Nc3 Bg7 7. Be2 O-O 8. Qd2
d5 9. exd5 Nxd5 10. Nxc6 bxc6 11. Rd1 Be6 12. Nxd5 Qxd5 13. Bf3 Qxa2 14. b3 Bd5 15.
Bxd5 cxd5 16. O-O e6 17. Rc1 Rfc8 18. Qd3 Rc3 19. Qb5 Rac8 20. Ra1 Qxc2 21. Rxa7
Rxb3 22. Qd7 Rf8 23. Rc7 Rc3 24. Ra7 Rcc8 25. Bg5 Qc6 26. Qe7 h6 27. Bf4 Rce8 28.
Qb4 e5 29. Rc1 Qe6 30. Bd2 Rc8 31. Rb1 d4 32. h3 Rc2 33. Qa5 e4 34. Rbb7 e3 35. fxe3
dxe3 36. Bb4 Qc6  0-1

[Event "Sampa Chess Open - Local Piso Superior (ao lado da Renner) às 19h00"]
[Site "Shopping Metrô Tatuapé - Rua Domingos Agostim, 91, São Paulo/SP 03306-010"]
[Date "2024.01.29"]
[Round "1"]
[Board "41"]
[White "Dos Santos, Andre Vicente"]
[Black "Mattos, Bernardo Cunha"]
[Result "0-1"]
[WhiteElo "1800"]
[BlackElo "1567"]
[PlyCount "0"]
[EventDate "2024.01.29"]
[EventRounds "9"]
[EventCountry "BRA"]

1. e4 c5 2. Nf3 e6 3. c3 Nf6 4. e5 Nd5 5. d4 cxd4 6. cxd4 d6 7. Be2 Nc6 8. O-O dxe5
9. dxe5 Be7 10. Bc4 O-O 11. Na3 Bxa3 12. bxa3 Nb6 13. Bb3 Qxd1 14. Rxd1 h6 15. Bb2
Ne7 16. h4 Ned5 17. Ne1 Bd7 18. Nc2 a5 19. Bxd5 Nxd5 20. Ne3 Ba4 21. Rd4 Nxe3 22.
Rxa4 Nd5 23. Rc4 Rfc8 24. Rac1 Nb6 25. Rc7 Rab8 26. Bd4 Rxc7 27. Rxc7 Nd5 28. Rc1
Nf4 29. Kf1 Rd8 30. Be3 Ng6  0-1

[Event "Sampa Chess Open - Local Piso Superior (ao lado da Renner) às 19h00"]
[Site "Shopping Metrô Tatuapé - Rua Domingos Agostim, 91, São Paulo/SP 03306-010"]
[Date "2024.01.29"]
[Round "1"]
[Board "42"]
[White "Alves, Josue Flor De Souza"]
[Black "Terra, Bruno De Oliveira"]
[Result "1/2-1/2"]
[WhiteElo "1551"]
[BlackElo "1800"]
[PlyCount "132"]
[EventDate "2024.01.29"]
[EventRounds "9"]
[EventCountry "BRA"]

1. d4 c6 2. e4 d5 3. exd5 cxd5 4. Bd3 Nc6 5. c3 Nf6 6. Bf4 g6 7. Nd2 Bg7 8. Ngf3
O-O 9. h3 Re8 10. O-O Nh5 11. Bh2 e5 12. Bb5 exd4 13. Nxd4 Bxd4 14. cxd4 Qb6 15.
Bxc6 bxc6 16. Nb3 Ng7 17. Qd2 Ne6 18. Rfc1 Ba6 19. Nc5 Nxc5 20. Rxc5 Re2 21. Qc1
Rae8 22. Be5 Qxb2 23. Rxc6 Bc4 24. Qxb2 Rxb2 25. a4 a6 26. Ra3 f5 27. Rc7 Rb1+ 28.
Kh2 Reb8 29. Rg7+ Kf8 30. Rxh7 R8b2 31. Rh6 Rb6 32. a5 Rc6 33. Rh7 Rb3 34. Rxb3 Bxb3
35. Rb7 Bc4 36. Rb6 Bb5 37. Rb7 Rc3 38. Bd6+ Kg8 39. Bc5 f4 40. h4 f3 41. gxf3 Rxf3
42. Kg2 Rb3 43. Ra7 Be2 44. Re7 Bf3+ 45. Kh2 Be4 46. Re6 Bd3 47. Rd6 Bc4 48. Rxg6+
Kh7 49. Rd6 Rf3 50. Kg2 Rf7 51. Re6 Kg7 52. Re5 Kg6 53. Kg3 Kh6 54. Be7 Kg6 55. f4
Rf5 56. h5+ Rxh5 57. Rxh5 Kxh5 58. f5 Kh6 59. Bf6 Kh7 60. Kf4 Kg8 61. Ke5 Kf7 62.
Bg5 Bb3 63. Kd6 Bc4 64. Kc6 Bb3 65. Kc5 Bc4 66. Kb6 Bb5  1/2-1/2

[Event "Sampa Chess Open - Local Piso Superior (ao lado da Renner) às 19h00"]
[Site "Shopping Metrô Tatuapé - Rua Domingos Agostim, 91, São Paulo/SP 03306-010"]
[Date "2024.01.29"]
[Round "1"]
[Board "43"]
[White "De Oliveira, Lucas Silva"]
[Black "De Brito E Silva, William"]
[Result "0-1"]
[WhiteElo "1800"]
[BlackElo "1549"]
[PlyCount "0"]
[EventDate "2024.01.29"]
[EventRounds "9"]
[EventCountry "BRA"]

1. e4 e5 2. Nf3 Nc6 3. Bc4 Bc5 4. c3 Nf6 5. d3 d6 6. a4 a6 7. b4 Ba7 8. Nbd2 O-O
9. O-O Bg4 10. Re1 h6 11. Nf1 Qd7 12. h3 Be6 13. Ng3 Ne7 14. Be3 Bxe3 15. Rxe3 Bxc4
16. dxc4 Ng6 17. Nf5 Kh7 18. N3h4 Qc6 19. Qb3 Nxe4 20. Qc2 Ng5 21. Ne7 Qe8 22. Nhxg6
fxg6 23. h4 Qxe7 24. hxg5 Qxg5 25. Rg3 Qf5 26. Qd2 Rf6 27. Re1 Raf8 28. Re2 Qb1+
29. Kh2 Qb3 30. Qd3 Qxa4 31. Re4 Qe8 32. Reg4 Qe6 33. Qb1 Qf5 34. Qxf5 Rxf5 35. Rxg6
R8f7 36. f3 Rf4 37. R6g4 g5 38. Kg1 Kg6 39. Kf2 Rxg4 40. Rxg4 h5 41. Re4 Rf4 42.
Ke3 Kf5 43. Rxf4+ exf4+ 44. Kd4 g4  0-1

[Event "Sampa Chess Open - Local Piso Superior (ao lado da Renner) às 19h00"]
[Site "Shopping Metrô Tatuapé - Rua Domingos Agostim, 91, São Paulo/SP 03306-010"]
[Date "2024.01.29"]
[Round "1"]
[Board "44"]
[White "Matiuci, Bernardo Steinle"]
[Black "De Bastiani, Tales Otavio"]
[Result "1-0"]
[WhiteElo "1546"]
[BlackElo "1800"]
[PlyCount "133"]
[EventDate "2024.01.29"]
[EventRounds "9"]
[EventCountry "BRA"]

1. d4 d5 2. c4 e6 3. Nc3 a6 4. cxd5 exd5 5. Bf4 Nf6 6. e3 c6 7. Bd3 Bd6 8. Bg5 h6
9. Bh4 O-O 10. Nge2 Re8 11. Qd2 Be6 12. f3 Qe7 13. O-O Nbd7 14. e4 g5 15. Bxg5 hxg5
16. Qxg5+ Kf8 17. e5 Nxe5 18. dxe5 Bc5+ 19. Kh1 Ng8 20. Qg3 f5 21. Nf4 Qg7 22. Qxg7+
Kxg7 23. Rac1 Bd4 24. Rfe1 Nh6 25. Nd1 Bc8 26. g3 Rxe5 27. Rxe5 Bxe5 28. Ng2 Bd7
29. f4 Bf6 30. Nde3 Re8 31. h3 Bd4 32. Nd1 Nf7 33. Nh4 Nd6 34. Nf3 Bf6 35. Nc3 Ne4
36. Kg2 Kf7 37. Na4 Be7 38. Bxe4 dxe4 39. Ne5+ Ke6 40. Rd1 Bd6 41. Nxd7 Kxd7 42.
Nc5+ Kc7 43. Nxb7 Kxb7 44. Rxd6 e3 45. Kf1 e2+ 46. Ke1 Re3 47. Rg6 Kc7 48. h4 Kd7
49. h5 Ke7 50. h6 Kf7 51. Rg5 Kf6 52. h7 Re8 53. Rh5 Rh8 54. Kxe2 Kg6 55. Rh2 Rxh7
56. Rxh7 Kxh7 57. Kf3 Kg7 58. g4 fxg4+ 59. Kxg4 Kg6 60. b4 Kf6 61. f5 Kf7 62. Kg5
Kg7 63. f6+ Kf7 64. Kf5 Kf8 65. Ke6 Ke8 66. a4 Kf8 67. f7  1-0

[Event "Sampa Chess Open - Local Piso Superior (ao lado da Renner) às 19h00"]
[Site "Shopping Metrô Tatuapé - Rua Domingos Agostim, 91, São Paulo/SP 03306-010"]
[Date "2024.01.29"]
[Round "1"]
[Board "45"]
[White "Nunes, Rafael Klanfer"]
[Black "Dos Santos, Felipe Zeuli Biller"]
[Result "0-1"]
[WhiteElo "1789"]
[BlackElo "1538"]
[PlyCount "0"]
[EventDate "2024.01.29"]
[EventRounds "9"]
[EventCountry "BRA"]

1. e4 c5 2. Nf3 g6 3. Bc4 Bg7 4. c3 Nc6 5. d3 d6 6. O-O Bg4 7. Bxf7+ Kxf7 8. Ng5+
Ke8 9. Qxg4 e5 10. Ne6 Qd7 11. Nxg7+ Qxg7 12. Bg5 Qd7 13. Qh4 h6 14. Be3 Nge7 15.
f4 Kd8 16. f5 gxf5 17. Rxf5 Kc7 18. Rf7 Rhg8 19. Nd2 Rg4 20. Qh5 Rag8 21. g3 Qe8
22. Raf1 Nd8 23. Qf5 Nxf7 24. Qxf7 Qd7 25. Bxh6 R8g6 26. Rf6 Rxf6 27. Qxf6 Rg6 28.
Qf8 Ng8 29. Be3 Nf6 30. Nf3 Qe6 31. Nh4 Rg8 32. Qh6 Qf7 33. Nf5 Rg6 34. Qh3 Ng4 35.
Bd2 Kb6 36. c4 a5 37. a3 Ka6 38. b4 axb4 39. axb4 cxb4 40. Bxb4 b5 41. cxb5+ Kxb5
42. Nxd6+ Rxd6 43. Bxd6 Qf2+  0-1

[Event "Sampa Chess Open - Local Piso Superior (ao lado da Renner) às 19h00"]
[Site "Shopping Metrô Tatuapé - Rua Domingos Agostim, 91, São Paulo/SP 03306-010"]
[Date "2024.01.29"]
[Round "1"]
[Board "46"]
[White "Barberi, Catarina"]
[Black "Haraguchi, Melissa Mayumi Alves"]
[Result "1-0"]
[WhiteElo "1524"]
[BlackElo "1751"]
[PlyCount "91"]
[EventDate "2024.01.29"]
[EventRounds "9"]
[EventCountry "BRA"]

1. d4 e5 2. dxe5 Bc5 3. Nf3 d6 4. exd6 Ne7 5. Nc3 Bxd6 6. g3 a6 7. Bg2 Nbc6 8. a3
O-O 9. O-O Bg4 10. Re1 Ng6 11. Be3 Re8 12. Qd2 Qd7 13. Rad1 Rad8 14. Nd4 Na5 15.
Qc1 b5 16. b4 Nc4 17. Bc6 Qc8 18. Bxe8 Rxe8 19. Nf3 c6 20. Bd4 f6 21. Nd2 Nce5 22.
Nce4 Bb8 23. Nc5 Bh3 24. Qb2 Re7 25. Rc1 Nh4 26. Qb3+ Kh8 27. Bxe5 Bxe5 28. Nf3 Ng6
29. Rcd1 Bc7 30. Qd3 Re8 31. Qb3 Nf8 32. Nd4 Nd7 33. Nxd7 Qxd7 34. Nxb5 Qc8 35. Nxc7
Qxc7 36. Qd3 h6 37. Qxa6 Kh7 38. Qd3+ f5 39. Ra1 Rd8 40. Qe3 Kg8 41. a4 Ra8 42. a5
Qb7 43. Qc3 Kh7 44. Rad1 c5 45. f3 cxb4 46. Rb1  1-0

[Event "Sampa Chess Open - Local Piso Superior (ao lado da Renner) às 19h00"]
[Site "Shopping Metrô Tatuapé - Rua Domingos Agostim, 91, São Paulo/SP 03306-010"]
[Date "2024.01.29"]
[Round "1"]
[Board "50"]
[White "Blanco, Gustavo Jose Bachur"]
[Black "Desideri, Enzo Piuchi"]
[Result "1-0"]
[WhiteElo "1491"]
[BlackElo "1730"]
[PlyCount "0"]
[EventDate "2024.01.29"]
[EventRounds "9"]
[EventCountry "BRA"]

1. e4 c5 2. Nf3 e6 3. d4 cxd4 4. Nxd4 Nf6 5. Nc3 a6 6. Bd3 d6 7. O-O Be7 8. Be3
b5 9. f4 Bb7 10. e5 Nd5 11. Nxd5 Bxd5 12. Qg4 O-O 13. Qh5 g6 14. Qh6 Re8 15. Qh3
dxe5 16. fxe5 Nc6 17. Nxc6 Bxc6 18. Rxf7 Bh4 19. Raf1 Qd5 20. Bg5 Qd4+ 21. Kh1 Rf8
22. Rxf8+ Rxf8 23. Rxf8+ Kxf8 24. Bxh4 Qxe5 25. Bf2 Qg5 26. Qg3 Qd5 27. Qf3+ Qxf3
28. gxf3 Bxf3+ 29. Kg1 Kf7  1-0